1646 1012 1795 1487 1686 1931 1312 1383 1838 1723 1468 1858 1087 1707 1330 1199 1540 1957 1501 1257 1740 1917 1297 1125 1227 1582 1746 1487 1584 1360 1976 1889 1772 1850 1288 1461 1294 1080 1677 1725 1053 1600 1746 1632 1281 1242 1552 1771 1977 1598 1727 1292 1436 1611 1578 1018 1642 1431 1706 1717 1056 1242 1090 1933 1634 1331 1590 1380 1996 1140 1327 1206 1778 1356 1701 1469 1032 1365 1725 1190 1829 1720 1144 1445 1091 1715 1744 1386 1558 1004 1816 1014 1185 1971 1678 1269 1681 1926 1088 BCNSPRNW ULIB Ver.6.0+V

เปลี่ยนเป็นภาษาไทย

Change to English
 แสดงรายละเอียดบรรณานุกรม
  กลับหน้าหลัก

Brief Record : Get Marc (ISO 2709) : E-mail record : QR code < ปิดหน้าต่าง
LEADER : 00000nam 2200000uu 4500
001    13399107959
003     ULIB
008    110211s2548||||th 000 0 tha d
020    9741102976
060  4 WS125^bม646น 2548
100 0  มานี ปิยะอนันต์
245 00 นมแม่/^cมานี ปิยะอนันต์
250    พิมพ์ครั้งที่ 1
260    กรุงเทพฯ:^bศิริยอดการพิมพ์(ประเทศไทย)จำกัด,^c2548
300    148 หน้า:^bภาพประกอบ
650  7 กายวิภาคและสรีรวิทยาของเต้านม
650  7 ส่วนประกอบของนมแม่
650  7 นมแม่
650  7 ประโยชน์ของนมแม่
945    ^p270^l0^i018858
945    ^p270^l0^i018772
945    ^p270^l0^i021946
995    ทศพร
999 ^a ใช้งานได้ทุกระบบ
รายการนี้ยังไม่มีแท็ก
คุณยังไม่ได้ล็อกอิน คุณสามารถมีกิจกรรมร่วมกับเว็บไซต์ได้ แต่ต้องล็อกอินก่อน ::
  ล็อกอิน

รายการสื่อสารสนเทศ

ลำดับที่ ประเภท เลขเรียก/บาร์โค้ด สถานที่ สถานะ
- ไม่พบข้อมูล -

รายการใกล้เคียง
    ผู้แต่ง [มานี ปิยะอนันต์]

    หัวเรื่อง [นมแม่]

BibComment


ยังไม่เคยถูกคอมเมนท์

คอมเมนท์ทรัพยากรรายการนี้
  คอมเมนท์: นมแม่ มานี ปิยะอน..


 Copyright 2026. Bcnsprnw @Library